<?xml version="1.0" encoding="UTF-8"?>
<record
    xmlns:xsi="http://www.w3.org/2001/XMLSchema-instance"
    xsi:schemaLocation="http://www.loc.gov/MARC21/slim http://www.loc.gov/standards/marcxml/schema/MARC21slim.xsd"
    xmlns="http://www.loc.gov/MARC21/slim">

  <leader>00793nam a22002777a 4500</leader>
  <controlfield tag="003">OSt</controlfield>
  <controlfield tag="005">20260514122746.0</controlfield>
  <controlfield tag="008">260514b        |||||||| |||| 00| 0 eng d</controlfield>
  <datafield tag="020" ind1=" " ind2=" ">
    <subfield code="a">0333520238</subfield>
  </datafield>
  <datafield tag="040" ind1=" " ind2=" ">
    <subfield code="a">KABLIB</subfield>
    <subfield code="b">eng</subfield>
    <subfield code="c">KABLIB</subfield>
  </datafield>
  <datafield tag="082" ind1=" " ind2=" ">
    <subfield code="2">23</subfield>
    <subfield code="a">428</subfield>
    <subfield code="b">BUG</subfield>
  </datafield>
  <datafield tag="100" ind1=" " ind2=" ">
    <subfield code="a">Bugembe J.B.</subfield>
    <subfield code="e">author</subfield>
    <subfield code="9">15806</subfield>
  </datafield>
  <datafield tag="245" ind1=" " ind2=" ">
    <subfield code="a">The Nile English Course :</subfield>
    <subfield code="b">Pupil's Book 6/</subfield>
    <subfield code="c">J.B Bugembe et al...</subfield>
  </datafield>
  <datafield tag="260" ind1=" " ind2=" ">
    <subfield code="a">London :</subfield>
    <subfield code="b">Macmillan Education Ltd.</subfield>
    <subfield code="c">C1971</subfield>
  </datafield>
  <datafield tag="300" ind1=" " ind2=" ">
    <subfield code="a">261 p.;</subfield>
    <subfield code="b">ill, (col)</subfield>
    <subfield code="c">27 cm.</subfield>
  </datafield>
  <datafield tag="650" ind1=" " ind2=" ">
    <subfield code="a">Writing</subfield>
    <subfield code="9">14717</subfield>
  </datafield>
  <datafield tag="650" ind1=" " ind2=" ">
    <subfield code="a">Speech</subfield>
    <subfield code="9">14712</subfield>
  </datafield>
  <datafield tag="651" ind1=" " ind2=" ">
    <subfield code="a">Uganda</subfield>
  </datafield>
  <datafield tag="700" ind1=" " ind2=" ">
    <subfield code="a">Hemphill R.J. </subfield>
    <subfield code="9">15807</subfield>
  </datafield>
  <datafield tag="700" ind1=" " ind2=" ">
    <subfield code="a">Hinkley V.A</subfield>
    <subfield code="9">15808</subfield>
  </datafield>
  <datafield tag="700" ind1=" " ind2=" ">
    <subfield code="a">Mayerson P.S</subfield>
    <subfield code="9">15809</subfield>
  </datafield>
  <datafield tag="700" ind1=" " ind2=" ">
    <subfield code="a">Musis C</subfield>
    <subfield code="9">15810</subfield>
  </datafield>
  <datafield tag="700" ind1=" " ind2=" ">
    <subfield code="a">Nyakato Dorothy</subfield>
    <subfield code="9">15811</subfield>
  </datafield>
  <datafield tag="700" ind1=" " ind2=" ">
    <subfield code="a">Wolfgang M</subfield>
    <subfield code="9">15812</subfield>
  </datafield>
  <datafield tag="942" ind1=" " ind2=" ">
    <subfield code="2">ddc</subfield>
    <subfield code="c">BOOK</subfield>
  </datafield>
  <datafield tag="999" ind1=" " ind2=" ">
    <subfield code="c">6217</subfield>
    <subfield code="d">6217</subfield>
  </datafield>
  <datafield tag="952" ind1=" " ind2=" ">
    <subfield code="0">0</subfield>
    <subfield code="1">0</subfield>
    <subfield code="2">ddc</subfield>
    <subfield code="4">0</subfield>
    <subfield code="7">0</subfield>
    <subfield code="a">RU</subfield>
    <subfield code="b">RU</subfield>
    <subfield code="d">2026-05-14</subfield>
    <subfield code="l">0</subfield>
    <subfield code="o">428 BUG</subfield>
    <subfield code="p">1369RC</subfield>
    <subfield code="r">2026-05-14 10:37:08</subfield>
    <subfield code="w">2026-05-14</subfield>
    <subfield code="y">BOOK</subfield>
  </datafield>
  <datafield tag="952" ind1=" " ind2=" ">
    <subfield code="0">0</subfield>
    <subfield code="1">0</subfield>
    <subfield code="2">ddc</subfield>
    <subfield code="4">0</subfield>
    <subfield code="7">0</subfield>
    <subfield code="a">RU</subfield>
    <subfield code="b">RU</subfield>
    <subfield code="c">Open</subfield>
    <subfield code="d">2026-05-14</subfield>
    <subfield code="l">0</subfield>
    <subfield code="o">428 BUG</subfield>
    <subfield code="p">1370RC</subfield>
    <subfield code="r">2026-05-14 10:38:33</subfield>
    <subfield code="w">2026-05-14</subfield>
    <subfield code="y">BOOK</subfield>
  </datafield>
  <datafield tag="952" ind1=" " ind2=" ">
    <subfield code="0">0</subfield>
    <subfield code="1">0</subfield>
    <subfield code="2">ddc</subfield>
    <subfield code="4">0</subfield>
    <subfield code="7">0</subfield>
    <subfield code="a">RU</subfield>
    <subfield code="b">RU</subfield>
    <subfield code="c">Open</subfield>
    <subfield code="d">2026-05-14</subfield>
    <subfield code="l">0</subfield>
    <subfield code="o">428 BUG</subfield>
    <subfield code="p">1371RC</subfield>
    <subfield code="r">2026-05-14 10:40:50</subfield>
    <subfield code="w">2026-05-14</subfield>
    <subfield code="y">BOOK</subfield>
  </datafield>
  <datafield tag="952" ind1=" " ind2=" ">
    <subfield code="0">0</subfield>
    <subfield code="1">0</subfield>
    <subfield code="2">ddc</subfield>
    <subfield code="4">0</subfield>
    <subfield code="7">0</subfield>
    <subfield code="a">RU</subfield>
    <subfield code="b">RU</subfield>
    <subfield code="c">Open</subfield>
    <subfield code="d">2026-05-14</subfield>
    <subfield code="l">0</subfield>
    <subfield code="o">428 BUG</subfield>
    <subfield code="p">1372RC</subfield>
    <subfield code="r">2026-05-14 10:42:39</subfield>
    <subfield code="w">2026-05-14</subfield>
    <subfield code="y">BOOK</subfield>
  </datafield>
  <datafield tag="952" ind1=" " ind2=" ">
    <subfield code="0">0</subfield>
    <subfield code="1">0</subfield>
    <subfield code="2">ddc</subfield>
    <subfield code="4">0</subfield>
    <subfield code="7">0</subfield>
    <subfield code="a">RU</subfield>
    <subfield code="b">RU</subfield>
    <subfield code="c">Open</subfield>
    <subfield code="d">2026-05-14</subfield>
    <subfield code="l">0</subfield>
    <subfield code="o">428 BUG</subfield>
    <subfield code="p">1373RC</subfield>
    <subfield code="r">2026-05-14 10:43:18</subfield>
    <subfield code="w">2026-05-14</subfield>
    <subfield code="y">BOOK</subfield>
  </datafield>
  <datafield tag="952" ind1=" " ind2=" ">
    <subfield code="0">0</subfield>
    <subfield code="1">0</subfield>
    <subfield code="2">ddc</subfield>
    <subfield code="4">0</subfield>
    <subfield code="7">0</subfield>
    <subfield code="a">RU</subfield>
    <subfield code="b">RU</subfield>
    <subfield code="c">Open</subfield>
    <subfield code="d">2026-05-14</subfield>
    <subfield code="l">0</subfield>
    <subfield code="o">428 BUG</subfield>
    <subfield code="p">1374RC</subfield>
    <subfield code="r">2026-05-14 10:47:22</subfield>
    <subfield code="w">2026-05-14</subfield>
    <subfield code="y">BOOK</subfield>
  </datafield>
  <datafield tag="952" ind1=" " ind2=" ">
    <subfield code="0">0</subfield>
    <subfield code="1">0</subfield>
    <subfield code="2">ddc</subfield>
    <subfield code="4">0</subfield>
    <subfield code="7">0</subfield>
    <subfield code="a">RU</subfield>
    <subfield code="b">RU</subfield>
    <subfield code="c">Open</subfield>
    <subfield code="d">2026-05-14</subfield>
    <subfield code="l">0</subfield>
    <subfield code="o">428 BUG</subfield>
    <subfield code="p">1375RC</subfield>
    <subfield code="r">2026-05-14 10:48:48</subfield>
    <subfield code="w">2026-05-14</subfield>
    <subfield code="y">BOOK</subfield>
  </datafield>
  <datafield tag="952" ind1=" " ind2=" ">
    <subfield code="0">0</subfield>
    <subfield code="1">0</subfield>
    <subfield code="2">ddc</subfield>
    <subfield code="4">0</subfield>
    <subfield code="7">0</subfield>
    <subfield code="a">RU</subfield>
    <subfield code="b">RU</subfield>
    <subfield code="c">Open</subfield>
    <subfield code="d">2026-05-14</subfield>
    <subfield code="l">0</subfield>
    <subfield code="o">428 BUG</subfield>
    <subfield code="p">1376RC</subfield>
    <subfield code="r">2026-05-14 10:49:56</subfield>
    <subfield code="w">2026-05-14</subfield>
    <subfield code="y">BOOK</subfield>
  </datafield>
  <datafield tag="952" ind1=" " ind2=" ">
    <subfield code="0">0</subfield>
    <subfield code="1">0</subfield>
    <subfield code="2">ddc</subfield>
    <subfield code="4">0</subfield>
    <subfield code="7">0</subfield>
    <subfield code="a">RU</subfield>
    <subfield code="b">RU</subfield>
    <subfield code="c">Open</subfield>
    <subfield code="d">2026-05-14</subfield>
    <subfield code="l">0</subfield>
    <subfield code="o">428 BUG</subfield>
    <subfield code="p">1377RC</subfield>
    <subfield code="r">2026-05-14 10:51:07</subfield>
    <subfield code="w">2026-05-14</subfield>
    <subfield code="y">BOOK</subfield>
  </datafield>
  <datafield tag="952" ind1=" " ind2=" ">
    <subfield code="0">0</subfield>
    <subfield code="1">0</subfield>
    <subfield code="2">ddc</subfield>
    <subfield code="4">0</subfield>
    <subfield code="7">0</subfield>
    <subfield code="a">RU</subfield>
    <subfield code="b">RU</subfield>
    <subfield code="c">Open</subfield>
    <subfield code="d">2026-05-14</subfield>
    <subfield code="l">0</subfield>
    <subfield code="o">428 BUG</subfield>
    <subfield code="p">1359RC</subfield>
    <subfield code="r">2026-05-14 10:52:20</subfield>
    <subfield code="w">2026-05-14</subfield>
    <subfield code="y">BOOK</subfield>
  </datafield>
  <datafield tag="952" ind1=" " ind2=" ">
    <subfield code="0">0</subfield>
    <subfield code="1">0</subfield>
    <subfield code="2">ddc</subfield>
    <subfield code="4">0</subfield>
    <subfield code="7">0</subfield>
    <subfield code="a">RU</subfield>
    <subfield code="b">RU</subfield>
    <subfield code="c">Open</subfield>
    <subfield code="d">2026-05-14</subfield>
    <subfield code="l">0</subfield>
    <subfield code="o">428 BUG</subfield>
    <subfield code="p">1360RC</subfield>
    <subfield code="r">2026-05-14 10:58:39</subfield>
    <subfield code="w">2026-05-14</subfield>
    <subfield code="y">BOOK</subfield>
  </datafield>
  <datafield tag="952" ind1=" " ind2=" ">
    <subfield code="0">0</subfield>
    <subfield code="1">0</subfield>
    <subfield code="2">ddc</subfield>
    <subfield code="4">0</subfield>
    <subfield code="7">0</subfield>
    <subfield code="a">RU</subfield>
    <subfield code="b">RU</subfield>
    <subfield code="c">Open</subfield>
    <subfield code="d">2026-05-14</subfield>
    <subfield code="l">0</subfield>
    <subfield code="o">428 BUG</subfield>
    <subfield code="p">1361RC</subfield>
    <subfield code="r">2026-05-14 11:00:14</subfield>
    <subfield code="w">2026-05-14</subfield>
    <subfield code="y">BOOK</subfield>
  </datafield>
  <datafield tag="952" ind1=" " ind2=" ">
    <subfield code="0">0</subfield>
    <subfield code="1">0</subfield>
    <subfield code="2">ddc</subfield>
    <subfield code="4">0</subfield>
    <subfield code="7">0</subfield>
    <subfield code="a">RU</subfield>
    <subfield code="b">RU</subfield>
    <subfield code="c">Open</subfield>
    <subfield code="d">2026-05-14</subfield>
    <subfield code="l">0</subfield>
    <subfield code="o">428 BUG</subfield>
    <subfield code="p">1362RC</subfield>
    <subfield code="r">2026-05-14 11:07:44</subfield>
    <subfield code="w">2026-05-14</subfield>
    <subfield code="y">BOOK</subfield>
  </datafield>
  <datafield tag="952" ind1=" " ind2=" ">
    <subfield code="0">0</subfield>
    <subfield code="1">0</subfield>
    <subfield code="2">ddc</subfield>
    <subfield code="4">0</subfield>
    <subfield code="7">0</subfield>
    <subfield code="a">RU</subfield>
    <subfield code="b">RU</subfield>
    <subfield code="c">Open</subfield>
    <subfield code="d">2026-05-14</subfield>
    <subfield code="l">0</subfield>
    <subfield code="o">428 BUG</subfield>
    <subfield code="p">1363RC</subfield>
    <subfield code="r">2026-05-14 11:09:04</subfield>
    <subfield code="w">2026-05-14</subfield>
    <subfield code="y">BOOK</subfield>
  </datafield>
  <datafield tag="952" ind1=" " ind2=" ">
    <subfield code="0">0</subfield>
    <subfield code="1">0</subfield>
    <subfield code="2">ddc</subfield>
    <subfield code="4">0</subfield>
    <subfield code="7">0</subfield>
    <subfield code="a">RU</subfield>
    <subfield code="b">RU</subfield>
    <subfield code="c">Open</subfield>
    <subfield code="d">2026-05-14</subfield>
    <subfield code="l">0</subfield>
    <subfield code="o">428 BUG</subfield>
    <subfield code="p">1364RC</subfield>
    <subfield code="r">2026-05-14 11:10:27</subfield>
    <subfield code="w">2026-05-14</subfield>
    <subfield code="y">BOOK</subfield>
  </datafield>
  <datafield tag="952" ind1=" " ind2=" ">
    <subfield code="0">0</subfield>
    <subfield code="1">0</subfield>
    <subfield code="2">ddc</subfield>
    <subfield code="4">0</subfield>
    <subfield code="7">0</subfield>
    <subfield code="a">RU</subfield>
    <subfield code="b">RU</subfield>
    <subfield code="c">Open</subfield>
    <subfield code="d">2026-05-14</subfield>
    <subfield code="l">0</subfield>
    <subfield code="o">428 BUG</subfield>
    <subfield code="p">1365RC</subfield>
    <subfield code="r">2026-05-14 11:12:18</subfield>
    <subfield code="w">2026-05-14</subfield>
    <subfield code="y">BOOK</subfield>
  </datafield>
  <datafield tag="952" ind1=" " ind2=" ">
    <subfield code="0">0</subfield>
    <subfield code="1">0</subfield>
    <subfield code="2">ddc</subfield>
    <subfield code="4">0</subfield>
    <subfield code="7">0</subfield>
    <subfield code="a">RU</subfield>
    <subfield code="b">RU</subfield>
    <subfield code="c">Open</subfield>
    <subfield code="d">2026-05-14</subfield>
    <subfield code="l">0</subfield>
    <subfield code="o">428 BUG</subfield>
    <subfield code="p">1366RC</subfield>
    <subfield code="r">2026-05-14 11:16:28</subfield>
    <subfield code="w">2026-05-14</subfield>
    <subfield code="y">BOOK</subfield>
  </datafield>
  <datafield tag="952" ind1=" " ind2=" ">
    <subfield code="0">0</subfield>
    <subfield code="1">0</subfield>
    <subfield code="2">ddc</subfield>
    <subfield code="4">0</subfield>
    <subfield code="7">0</subfield>
    <subfield code="a">RU</subfield>
    <subfield code="b">RU</subfield>
    <subfield code="c">Open</subfield>
    <subfield code="d">2026-05-14</subfield>
    <subfield code="l">0</subfield>
    <subfield code="o">428 BUG</subfield>
    <subfield code="p">1367RC</subfield>
    <subfield code="r">2026-05-14 11:16:57</subfield>
    <subfield code="w">2026-05-14</subfield>
    <subfield code="y">BOOK</subfield>
  </datafield>
  <datafield tag="952" ind1=" " ind2=" ">
    <subfield code="0">0</subfield>
    <subfield code="1">0</subfield>
    <subfield code="2">ddc</subfield>
    <subfield code="4">0</subfield>
    <subfield code="7">0</subfield>
    <subfield code="a">RU</subfield>
    <subfield code="b">RU</subfield>
    <subfield code="c">Open</subfield>
    <subfield code="d">2026-05-14</subfield>
    <subfield code="l">0</subfield>
    <subfield code="o">428 BUG</subfield>
    <subfield code="p">1378RC</subfield>
    <subfield code="r">2026-05-14 11:18:14</subfield>
    <subfield code="w">2026-05-14</subfield>
    <subfield code="y">BOOK</subfield>
  </datafield>
  <datafield tag="952" ind1=" " ind2=" ">
    <subfield code="0">0</subfield>
    <subfield code="1">0</subfield>
    <subfield code="2">ddc</subfield>
    <subfield code="4">0</subfield>
    <subfield code="7">0</subfield>
    <subfield code="a">RU</subfield>
    <subfield code="b">RU</subfield>
    <subfield code="c">Open</subfield>
    <subfield code="d">2026-05-14</subfield>
    <subfield code="l">0</subfield>
    <subfield code="o">428 BUG</subfield>
    <subfield code="p">1379RC</subfield>
    <subfield code="r">2026-05-14 11:19:09</subfield>
    <subfield code="w">2026-05-14</subfield>
    <subfield code="y">BOOK</subfield>
  </datafield>
  <datafield tag="952" ind1=" " ind2=" ">
    <subfield code="0">0</subfield>
    <subfield code="1">0</subfield>
    <subfield code="2">ddc</subfield>
    <subfield code="4">0</subfield>
    <subfield code="7">0</subfield>
    <subfield code="a">RU</subfield>
    <subfield code="b">RU</subfield>
    <subfield code="c">Open</subfield>
    <subfield code="d">2026-05-14</subfield>
    <subfield code="l">0</subfield>
    <subfield code="o">428 BUG</subfield>
    <subfield code="p">1380RC</subfield>
    <subfield code="r">2026-05-14 11:23:08</subfield>
    <subfield code="w">2026-05-14</subfield>
    <subfield code="y">BOOK</subfield>
  </datafield>
  <datafield tag="952" ind1=" " ind2=" ">
    <subfield code="0">0</subfield>
    <subfield code="1">0</subfield>
    <subfield code="2">ddc</subfield>
    <subfield code="4">0</subfield>
    <subfield code="7">0</subfield>
    <subfield code="a">RU</subfield>
    <subfield code="b">RU</subfield>
    <subfield code="c">Open</subfield>
    <subfield code="d">2026-05-14</subfield>
    <subfield code="l">0</subfield>
    <subfield code="o">428 BUG</subfield>
    <subfield code="p">1368RC</subfield>
    <subfield code="r">2026-05-14 11:33:07</subfield>
    <subfield code="w">2026-05-14</subfield>
    <subfield code="y">BOOK</subfield>
  </datafield>
</record>
